LDR 00746naa#a2200193#i#450# 001 EN\\bibl\126795 005 20260702001057.4 011 ## _a1815-588X 100 ## _a20260630b2026####ek#y0engy0150####ca 102 ## _aRU 200 1# _aTheoretical Description of Processes and Relationships in the Absorbing Devices of Traction Units _eJournal article 210 1# _aSaint-Petersburg _cFSBEI HE "Emperor Alexander I St. Petersburg State Transport University" _d2026 215 ## _a5 с. 608 ## _aJournal article _2local 675 ## _aВзаимодействие пути и колеса. 625.032.3 _z 700 #1 _aRipol'-Saragosi _gTat'yana Leonidovna 700 #1 _aRipol'-Saragosi _gLeonid Franciskovich 700 #1 _aYaickov _gIvan Anatol'evich 856 4# _aatjournal.ru _u